Artists / Singers by their Songs #4 - Statistics

General Stats
  • This quiz has been taken 356 times
  • The average score is 5 of 10
Answer Stats
Hint Answer % Correct
My Heart Will Go On / It's All Coming Back to Me Now / Because You Loved Me / That's the Way It Is Celine Dion
89%
Baby / What Do You Mean? / Sorry / Boyfriend Justin Bieber
81%
Complicated / Sk8er Boi / Girlfriend / When You're Gone Avril Lavigne
77%
Space Oddity / Let's Dance / Heroes / Life on Mars? David Bowie
68%
Humble / All the Stars / N95 / Alright Kendrick Lamar
59%
Tears in Heaven / Wonderful Tonight / Lay Down Sally / Change the World Eric Clapton
49%
Try a Little Tenderness / (Sittin' On) The Dock of the Bay / I've Been Loving You Too Long / These Arms of Mine Otis Redding
37%
The Way We Were / Evergreen (Love Theme from A Star Is Born) / Woman in Love / Tell Him Barbra Streisand
29%
Family Affair / Be Without You / No More Drama / Just Fine Mary J. Blige
28%
Snowbird / You Needed Me / Could I Have This Dance / I Just Fall in Love Again Anne Murray
13%
No matching quizzes found
Score Distribution
Percent of People with Each Score
Percentile by Number Answered
Your Score History
You have not taken this quiz